| 000 | 00855nam a2200253 a 4500 | ||
|---|---|---|---|
| 003 | DO-SdBNP | ||
| 005 | 20221104151907.0 | ||
| 007 | ta | ||
| 008 | 221104e2021 dr ao||fr|||| 001 edspa d | ||
| 020 | _a9789945590760 | ||
| 040 |
_aDO-SdBNP _bspa _cBNPHU |
||
| 082 | 4 |
_222 _bC115g |
|
| 245 |
_aLa genética del constitucionalismo moderno. / _cH. Itziar Caballero Camino |
||
| 260 |
_aSanto Domingo : _bFUNGLODE, _c2021 |
||
| 300 |
_a342 p. : _bil., fotogr. ; _c23 cm. |
||
| 490 | _aDerecho | ||
| 500 | _aIncluye datos biográficos de la autora en la solapa de la cubierta. | ||
| 500 | _aIncluye bibliografía y pié de páginas. | ||
| 504 | _aBibliografía: p. 395- 429 | ||
| 590 | _aInventariado 2022 / MF | ||
| 710 | 2 |
_aInsituto Global de Altos Estudios en Ciencias Sociales (República Dominicana) _982718 |
|
| 910 | _aMFeliz | ||
| 942 |
_2ddc _cLBS1 |
||
| 999 |
_c52802 _d52802 |
||